00750nam a22002417a 45000010005000000030006000050050017000110080041000280200018000690400029000870500016001160820012001321000031001442450045001752600041002203000049002615050007003105200087003175210019004045210018004236500034004416500033004759964FISKH20260320095522.0260319b cb ||||| |||| 00| 0 eng d a9780590476140 aFISKHbengcFISKHdFISKH aLB1195 .S46 a372.218 aSenisi, Ellen B. eAuthor  aKindergarten kids /cBy Ellen B. Senisi  aNew York : bScholastic Inc. ,c1994 a32 unnumbered pages : bphotographs ;c21 cm aJ  aStudents from a real kindergarten class tell about a typical day of work and play.8 a500 bLexile 8 aJ bRaz-Plus  aSchool life vKindergarten  aEarly learning vNonfiction